[Event "Rubinstein Memorial-A 55th"]
[Site "Polanica Zdroj"]
[Date "2019.08.24"]
[Round "8"]
[White "Majek, Kacper"]
[Black "Rak, Maciej"]
[Result "1-0"]
[WhiteElo "1984"]
[BlackElo "1779"]
[PlyCount "109"]
[EventDate "2019.08.17"]
[EventType "swiss"]
[EventRounds "9"]
[EventCountry "POL"]
[SourceTitle "EXT 2020"]
[Source "ChessBase"]
[SourceDate "2019.10.17"]
[SourceVersion "1"]
[SourceVersionDate "2019.10.17"]
[SourceQuality "1"]

1. d4 Nf6 2. c4 e6 3. Nf3 d5 4. g3 dxc4 5. Bg2 a6 6. a4 c5 7. 0-0 Nc6 8. dxc5 Qxd1 9. Rxd1 Bxc5 10. Nbd2 Ke7 11. Nxc4 Rd8 12. Rxd8 Kxd8 13. Nfe5 Nxe5 14. Nxe5 Ke7 15. Bf4 Nd5 16. Bd2 f6 17. Nd3 Bd6 18. e4 Nb6 19. Bc3 Rb8 20. f4 Kf7 21. a5 Nd7 22. e5 Be7 23. Bd4 b6 24. Rc1 Bb7 25. Rc7 Bxg2 26. Kxg2 Ke8 27. f5 exf5 28. e6 Nf8 29. Bxb6 Nxe6 30. Ra7 Bd8 31. Bxd8 Nxd8 32. b4 Nc6 33. Rxg7 Kf8 34. Rxh7 Kg8 35. Rh4 Kf7 36. Kf2 Ne5 37. Ke2 Kg6 38. Nc5 Ra8 39. Rf4 Kg5 40. Kd2 Rd8+ 41. Kc3 Rd6 42. h3 Nc6 43. Rh4 Na7 44. Rh8 Nb5+ 45. Kc4 Na3+ 46. Kb3 Nb1 47. b5 axb5 48. a6 Nd2+ 49. Kb4 Ne4 50. a7 Rd4+ 51. Kxb5 Nc3+ 52. Kc6 Rd6+ 53. Kxd6 Nb5+ 54. Ke6 Nxa7 55. Rg8+ 1-0

[Event "Rubinstein Memorial-A 54th"]
[Site "Polanica Zdroj"]
[Date "2018.08.22"]
[Round "5"]
[White "Rak, Maciej"]
[Black "Wisniewski, Michal"]
[Result "0-1"]
[WhiteElo "1759"]
[BlackElo "2122"]
[PlyCount "81"]
[EventDate "2018.08.18"]
[EventType "swiss"]
[EventRounds "9"]
[EventCountry "POL"]
[SourceTitle "CBM 186 Extra"]
[Source "ChessBase"]
[SourceDate "2018.08.24"]
[SourceVersion "1"]
[SourceVersionDate "2018.08.24"]
[SourceQuality "1"]

1. e4 d5 2. exd5 Qxd5 3. Nc3 Qa5 4. Nf3 Nf6 5. h3 Bf5 6. d4 c6 7. Bd2 Nbd7 8. Bc4 Qc7 9. Ne2 e6 10. Bf4 Bd6 11. Bxd6 Qxd6 12. c3 Be4 13. Ng3 Bxf3 14. Qxf3 h5 15. 0-0-0 0-0-0 16. Rhe1 Rh6 17. Ne4 Nxe4 18. Qxe4 Rf6 19. Rd2 Rh8 20. Bb3 Rf5 21. c4 Nf6 22. Qe3 b6 23. Kb1 Rd8 24. g3 h4 25. Bc2 Rc5 26. Bb3 hxg3 27. fxg3 Rh5 28. h4 Rf5 29. Red1 Ng4 30. Qg1 Rf3 31. Rd3 Rxd3 32. Rxd3 e5 33. d5 e4 34. Rc3 e3 35. Bd1 Qg6+ 36. Ka1 Re8 37. Qf1 Nf2 38. Bc2 e2 39. Qe1 Qf6 40. c5 Nd1 41. Bxd1 0-1

[Event "Rubinstein Memorial-A 54th"]
[Site "Polanica Zdroj"]
[Date "2018.08.21"]
[Round "4"]
[White "Ochmann, Reimund"]
[Black "Rak, Maciej"]
[Result "0-1"]
[WhiteElo "2009"]
[BlackElo "1759"]
[PlyCount "64"]
[EventDate "2018.08.18"]
[EventType "swiss"]
[EventRounds "9"]
[EventCountry "POL"]
[SourceTitle "CBM 186 Extra"]
[Source "ChessBase"]
[SourceDate "2018.08.24"]
[SourceVersion "1"]
[SourceVersionDate "2018.08.24"]
[SourceQuality "1"]

1. e4 c5 2. Nc3 Nc6 3. f4 e6 4. Nf3 d5 5. e5 Nge7 6. Bb5 Bd7 7. 0-0 h5 8. d4 Nf5 9. Bxc6 Bxc6 10. Ne2 Bb5 11. c3 Qb6 12. dxc5 Bxc5+ 13. Kh1 h4 14. Ng5 Qa6 15. Re1 Bf2 16. Nd4 Nxd4 17. cxd4 Qa4 18. Nf3 Bxe1 19. Qxe1 h3 20. b3 hxg2+ 21. Kxg2 Qa6 22. a4 Be2 23. Ng1 Bd3 24. Kg3 Rh6 25. Ba3 Rg6+ 26. Kf2 Be4 27. Nf3 Qd3 28. Qd1 Qxf3+ 29. Qxf3 Bxf3 30. Kxf3 Rc8 31. Bb4 Rc2 32. h3 Kd7 0-1

[Event "POL-chT rapid"]
[Site "Zgierz"]
[Date "2018.03.03"]
[Round "9.31"]
[White "Borawski, Jakub"]
[Black "Rak, Maciej"]
[Result "1-0"]
[WhiteElo "2150"]
[BlackElo "1694"]
[PlyCount "123"]
[EventDate "2018.03.03"]
[EventType "team-swiss (rapid)"]
[EventRounds "9"]
[EventCountry "POL"]
[SourceTitle "CBM 183 Extra"]
[Source "ChessBase"]
[SourceDate "2018.04.19"]
[SourceVersion "1"]
[SourceVersionDate "2018.04.19"]
[SourceQuality "1"]
[WhiteTeam "Bialystok MUKS Stoczek 45"]
[BlackTeam "Skierniewice KS Piatka"]
[WhiteTeamCountry "POL"]
[BlackTeamCountry "POL"]

1. d4 Nf6 2. c4 b6 3. Nc3 Bb7 4. d5 e6 5. a3 exd5 6. cxd5 Bd6 7. Nf3 0-0 8. Bg5 h6 9. Bh4 c6 10. dxc6 dxc6 11. e3 Be7 12. Bc4 b5 13. Bb3 Nbd7 14. 0-0 a6 15. Nd4 Nc5 16. Bc2 g6 17. Qf3 Nd5 18. Bxe7 Nxe7 19. Qh3 Kg7 20. f4 Nd5 21. f5 Nxc3 22. f6+ Kh7 23. Nf5 h5 24. bxc3 Qxf6 25. Ng3 Qg5 26. Nxh5 Qh6 27. Rf4 Bc8 28. Qf3 Ne6 29. Rh4 Ng5 30. Qf4 Nh3+ 31. gxh3 Qxf4 32. Rxf4 Kh6 33. Nf6 Kg7 34. h4 Be6 35. Raf1 Rh8 36. h5 gxh5 37. Rh4 Rh6 38. Nxh5+ Kf8 39. Rf6 Rh8 40. Rhf4 Ke7 41. Ng3 Rad8 42. Ne4 Rh5 43. Rf2 Bd5 44. R6f5 Rg8+ 45. Ng3 Rh4 46. Kf1 Be6 47. R5f4 Rh3 48. Bf5 Bc4+ 49. Kg2 Rh6 50. Be4 c5 51. Kh1 Rxg3 52. Bf3 Rg5 53. Re4+ Kf8 54. Bg2 Bd5 55. Ref4 Bxg2+ 56. Rxg2 Rxg2 57. Kxg2 Rd6 58. Kf3 Rd3 59. Rf6 Rxc3 60. Rxa6 Kg7 61. Ra5 Rb3 62. a4 1-0

[Event "Polanica Zdroj op-C 52nd"]
[Site "Polanica Zdroj"]
[Date "2016.08.28"]
[Round "2"]
[White "Rak, Maciej"]
[Black "Adamczewski, Maciej"]
[Result "0-1"]
[WhiteElo "1640"]
[BlackElo "1979"]
[PlyCount "78"]
[EventDate "2016.08.20"]
[EventType "swiss"]
[EventRounds "9"]
[EventCountry "POL"]
[SourceTitle "CBM 174 Extra"]
[Source "ChessBase"]
[SourceDate "2016.10.10"]
[SourceVersion "1"]
[SourceVersionDate "2016.10.10"]
[SourceQuality "1"]

1. f4 Nf6 2. Nf3 g6 3. b3 Bg7 4. Bb2 d6 5. g3 Nc6 6. Bg2 Bg4 7. h3 Bd7 8. d3 Nh5 9. Bxg7 Nxg7 10. Nbd2 Nf5 11. Nf1 e5 12. fxe5 dxe5 13. e4 Nfd4 14. Ne3 Be6 15. 0-0 Qd6 16. Nd5 0-0-0 17. c3 Nxf3+ 18. Qxf3 Nb8 19. Rfd1 Bxd5 20. exd5 f5 21. Qf2 Qb6 22. Qxb6 axb6 23. Rf1 h5 24. Rae1 Nd7 25. b4 Rde8 26. Re2 Re7 27. g4 Rf8 28. Bf3 hxg4 29. hxg4 Nf6 30. gxf5 gxf5 31. c4 Kd7 32. Bg2 Nh5 33. Rfe1 Nf4 34. Rd2 Rg8 35. Kf1 Reg7 36. Ree2 Nxe2 37. Rxe2 Kd6 38. Bh3 Rg3 39. Bxf5 Rf3+ 0-1

[Event "POL-ch U14"]
[Site "Suwalki"]
[Date "2015.04.09"]
[Round "2"]
[White "Rak, Maciej"]
[Black "Modlich, Piotr"]
[Result "0-1"]
[WhiteElo "1476"]
[BlackElo "1665"]
[PlyCount "148"]
[EventDate "2015.04.08"]
[EventType "swiss"]
[EventRounds "9"]
[EventCountry "POL"]
[SourceTitle "EXT 2017"]
[Source "ChessBase"]
[SourceDate "2016.10.25"]
[SourceVersion "1"]
[SourceVersionDate "2016.10.25"]
[SourceQuality "1"]

1. e4 c5 2. Nf3 d6 3. c3 Nf6 4. Be2 Bd7 5. Qc2 Qc7 6. d4 cxd4 7. Nxd4 g6 8. c4 Bg7 9. Be3 0-0 10. 0-0 a6 11. Nc3 Nc6 12. b3 Nxd4 13. Bxd4 b5 14. Qd2 Qb7 15. f3 bxc4 16. bxc4 Be6 17. Rab1 Qc7 18. Rfc1 Rab8 19. Nd5 Bxd5 20. cxd5 Rxb1 21. Rxb1 Nd7 22. Bxa6 Bxd4+ 23. Qxd4 Qa5 24. Bb5 Rb8 25. a4 Nc5 26. Rd1 Nxa4 27. Qxa4 Qxb5 28. Qxb5 Rxb5 29. Rd2 Kg7 30. Kf2 f5 31. g3 Kf6 32. Re2 fxe4 33. fxe4 Ke5 34. Kf3 Rb4 35. Re3 h5 36. h4 Rd4 37. Re1 Rd2 38. Ke3 Ra2 39. Kf3 Ra4 40. Re3 Ra1 41. Re2 Rd1 42. Ke3 Rf1 43. Kd3 Ra1 44. Ke3 Ra3+ 45. Kf2 Kd4 46. Re1 Rd3 47. Re2 Rd1 48. Kf3 Rf1+ 49. Kg2 Rf7 50. Kg1 Kd3 51. Re1 Rf3 52. e5 Re3 53. Rd1+ Ke4 54. Kf2 Rf3+ 55. Kg2 Rf5 56. g4 Rxe5 57. Kg3 Ke3 58. Ra1 Kd4 59. Rd1+ Kc5 60. gxh5 gxh5 61. Kf4 Rxd5 62. Rxd5+ Kxd5 63. Kg5 e5 64. Kxh5 e4 65. Kg4 Ke6 66. Kf4 d5 67. h5 Kf6 68. h6 Kg6 69. h7 Kxh7 70. Ke3 Kg6 71. Kf4 Kf6 72. Ke3 Kf5 73. Kd4 Kf4 74. Kxd5 e3 0-1

[Event "POL Olympiad U14"]
[Site "Spala"]
[Date "2014.12.30"]
[Round "8.16"]
[White "Gaj, Szymon"]
[Black "Rak, Maciej"]
[Result "1/2-1/2"]
[WhiteElo "1544"]
[BlackElo "1395"]
[PlyCount "96"]
[EventDate "2014.04.06"]
[EventType "swiss"]
[EventRounds "9"]
[EventCountry "POL"]
[SourceTitle "EXT 2023"]
[Source "ChessBase"]
[SourceDate "2022.10.05"]
[SourceVersion "1"]
[SourceVersionDate "2022.10.05"]
[SourceQuality "1"]

1. d4 d5 2. c4 e6 3. Nc3 Nf6 4. cxd5 exd5 5. Bg5 Be7 6. Qc2 h6 7. Bh4 0-0 8. e3 b6 9. Bd3 Bb7 10. Nge2 Nbd7 11. 0-0 c5 12. f3 Kh8 13. Bf5 Re8 14. Rad1 g6 15. Bh3 Kg7 16. Bf2 Bf8 17. Kh1 Kg8 18. Nf4 g5 19. Nfe2 a6 20. a4 Qc7 21. Bf5 Rad8 22. e4 cxd4 23. Bxd4 dxe4 24. fxe4 Bxe4 25. Bxe4 Nxe4 26. Qb3 Ndc5 27. Nxe4 Nxe4 28. Bxb6 Rxd1 29. Rxd1 Rb8 30. Bxc7 Rxb3 31. Rd4 Rxb2 32. Rxe4 Rb1+ 33. Ng1 Bc5 34. Re8+ Kg7 35. h3 Bxg1 36. Be5+ f6 37. Bg3 Bf2+ 38. Kh2 Bxg3+ 39. Kxg3 Ra1 40. Re4 Ra3+ 41. Kf2 Ra2+ 42. Kg3 Kg6 43. Rc4 Ra3+ 44. Kf2 Ra2+ 45. Kf3 Ra3+ 46. Kf2 a5 47. Rd4 h5 48. Rc4 h4 1/2-1/2

[Event "POL Olympiad U14"]
[Site "Spala"]
[Date "2014.12.30"]
[Round "7.13"]
[White "Rak, Maciej"]
[Black "Raczynski, Krzysztof"]
[Result "0-1"]
[WhiteElo "1395"]
[BlackElo "1634"]
[PlyCount "71"]
[EventDate "2014.04.06"]
[EventType "swiss"]
[EventRounds "9"]
[EventCountry "POL"]
[SourceTitle "EXT 2023"]
[Source "ChessBase"]
[SourceDate "2022.10.05"]
[SourceVersion "1"]
[SourceVersionDate "2022.10.05"]
[SourceQuality "1"]

1. e4 g6 2. d4 Bg7 3. Nc3 d6 4. Be3 Nf6 5. Bd3 0-0 6. f3 e5 7. dxe5 dxe5 8. Qd2 c6 9. 0-0-0 Be6 10. g4 b5 11. h4 h5 12. gxh5 Nxh5 13. Nh3 Qe7 14. Ng5 a5 15. Nxe6 Qxe6 16. Kb1 a4 17. Ne2 Na6 18. Nc1 Rfb8 19. Bf1 Qf6 20. Qf2 Nf4 21. Nd3 Rd8 22. Be2 Nc7 23. Bb6 Rd7 24. Bxc7 Rxc7 25. Nc5 Qe7 26. Nd3 c5 27. Qe3 Nxe2 28. Qxe2 c4 29. Nc1 c3 30. Nd3 cxb2 31. Rdg1 b4 32. h5 b3 33. cxb3 axb3 34. axb3 Ra1+ 35. Kxb2 gxh5 36. Rxg7+ 0-1